000 00622nam a2200217 a 4500
001 18892
003 CO-ViMGA
008 141112s2004 ck r 000 u spa d
020 _a843482082X
040 _aCO-ViMGA
_bspa
_cCO-ViMGA
082 0 4 _aI 833.91 N677q
100 1 _aNostlinger, Christine
_92779
245 1 0 _aQuerida Abuela... Tu Susi
260 _aMadrid :
_bSM,
_c1987
300 _a91 p.
490 0 _aColección El Barco de Vapor
500 _aA partir de 7 años.
590 _aForma de adquisición : Compra 2005 - - Precio :
_17.100
650 1 4 _aCUENTOS INFANTILES AUSTRIACOS
_92856
942 _2ddc
_cBK
999 _c9724
_d9724